| 000 | 00866cam a2200229 a 4500 | ||
|---|---|---|---|
| 001 | s 58000001 | ||
| 003 | DLC | ||
| 005 | 20260227111912.0 | ||
| 008 | 821124s1952 sw a d 00010 eng | ||
| 010 | _as 58000001 //r89 | ||
| 040 | _dOCoLC | ||
| 050 | 0 |
_aGN2 _b.G6 no. 19 _aPM3743.Z5 |
|
| 082 | 0 |
_a306 s _a498/.2 _219 |
|
| 100 | 1 | 0 |
_aHolmer, Nils Magnus, _d1904- |
| 245 | 1 | 0 |
_aEthno-linguistic Cuna dictionary, with indices and references to A critical and comparative Cuna grammar (Etnologiska studier 14) and The grammatical sketch in Cuna chrestomathy (Etnologiska studier 18) / _cby Nils M. Holmer. |
| 260 | 0 |
_aGöteborg : _bEtnografiska Museet, _c1952. |
|
| 300 |
_a193 p. : _bill. ; _c24 cm. |
||
| 490 | 1 |
_aEtnologiska studier ; _v19 |
|
| 650 | 0 |
_aCuna language _xDictionaries _xEnglish. |
|
| 650 | 0 | _aCuna Indians. | |
| 830 | 0 |
_aEtnologiska studier ; _vv. 19. |
|
| 999 |
_c52792 _d52792 |
||